[Event "BL2-West 2223"]
[Site "Germany"]
[Date "2023.02.05"]
[Round "6.8"]
[White "Schmidt, Kevin"]
[Black "Bashylina, Luisa"]
[Result "1/2-1/2"]
[WhiteElo "1956"]
[BlackElo "2073"]
[PlyCount "67"]
[EventDate "2022.10.22"]
[EventType "team-tourn"]
[EventRounds "10"]
[EventCountry "GER"]
[SourceTitle "EXT 2024"]
[Source "ChessBase"]
[SourceDate "2023.10.10"]
[SourceVersion "1"]
[SourceVersionDate "2023.10.10"]
[SourceQuality "1"]
[WhiteTeam "Muelheim Nord II"]
[BlackTeam "Solingen II"]
[WhiteTeamCountry "GER"]
[BlackTeamCountry "GER"]

1. e4 c5 2. Nf3 d6 3. Bb5+ Nd7 4. c3 Ngf6 5. Qe2 a6 6. Bxd7+ Bxd7 7. 0-0 e6 8. d3 Be7 9. Bg5 0-0 10. Rd1 Bc6 11. Nbd2 Nd7 12. Bxe7 Qxe7 13. a4 Rac8 14. Nc4 b5 15. Na5 Ba8 16. axb5 axb5 17. Nb3 c4 18. dxc4 bxc4 19. Nbd2 Nb6 20. Ra6 Qc7 21. Nd4 Bb7 22. Ra7 Ra8 23. Rda1 Rxa7 24. Rxa7 Ra8 25. Rxa8+ Bxa8 26. Qh5 g6 27. Qb5 e5 28. Nc2 Bc6 29. Qb4 d5 30. exd5 Bxd5 31. Ne3 Be6 32. Ne4 Kg7 33. Nd6 Qc6 34. f3 1/2-1/2

[Event "BL2-West 2223"]
[Site "Germany"]
[Date "2023.02.04"]
[Round "5.8"]
[White "Kolkin, Michail"]
[Black "Schmidt, Kevin"]
[Result "1-0"]
[WhiteElo "2307"]
[BlackElo "1956"]
[PlyCount "103"]
[EventDate "2022.10.22"]
[EventType "team-tourn"]
[EventRounds "10"]
[EventCountry "GER"]
[SourceTitle "EXT 2024"]
[Source "ChessBase"]
[SourceDate "2023.10.10"]
[SourceVersion "1"]
[SourceVersionDate "2023.10.10"]
[SourceQuality "1"]
[WhiteTeam "Siegburg"]
[BlackTeam "Muelheim Nord II"]
[WhiteTeamCountry "GER"]
[BlackTeamCountry "GER"]

1. Nf3 d5 2. g3 Nf6 3. Bg2 c6 4. 0-0 Bg4 5. d4 Nbd7 6. Nbd2 e6 7. Re1 Be7 8. e4 dxe4 9. Nxe4 0-0 10. Nxf6+ Nxf6 11. c3 Qb6 12. Qb3 Rfd8 13. Ne5 Bf5 14. Nc4 Qxb3 15. axb3 Nd5 16. Bd2 Nb6 17. Na5 Rd7 18. h4 Rc8 19. Bf3 h6 20. h5 Kf8 21. Kg2 Nd5 22. Nc4 b6 23. Ra6 Bg5 24. Bxg5 hxg5 25. Ne5 Rb7 26. b4 f6 27. Ng4 Bxg4 28. Bxg4 f5 29. Bd1 Kf7 30. Bb3 Kf6 31. f3 f4 32. Bxd5 cxd5 33. gxf4 gxf4 34. Kh3 g6 35. hxg6 Rg8 36. Rg1 Rbg7 37. Rg4 Kf5 38. Ra1 Rh8+ 39. Kg2 Rh6 40. b5 Rhxg6 41. Rxg6 Kxg6 42. Kf2 Kf5 43. Rh1 Rf7 44. Rh5+ Kg6 45. Rh2 a6 46. bxa6 Ra7 47. Rh8 Rxa6 48. Rb8 Kf6 49. Ke2 e5 50. Kd3 exd4 51. Kxd4 Ke6 52. b4 1-0

[Event "Oberliga NRW 2122"]
[Site "Germany"]
[Date "2022.04.03"]
[Round "5.7"]
[White "Schmidt, Kevin"]
[Black "Dzierzenga, Stefan"]
[Result "1/2-1/2"]
[WhiteElo "1930"]
[BlackElo "2201"]
[PlyCount "28"]
[EventDate "2021.10.31"]
[EventType "team-tourn"]
[EventRounds "9"]
[EventCountry "GER"]
[SourceTitle "EXT 2023"]
[Source "ChessBase"]
[SourceDate "2022.10.05"]
[SourceVersion "1"]
[SourceVersionDate "2022.10.05"]
[SourceQuality "1"]
[WhiteTeam "Muelheim Nord II"]
[BlackTeam "Siegburg"]
[WhiteTeamCountry "GER"]
[BlackTeamCountry "GER"]

1. e4 e6 2. d3 d5 3. Qe2 Ne7 4. Nf3 c5 5. g3 Nbc6 6. c3 g6 7. Bg2 Bg7 8. 0-0 0-0 9. Re1 b6 10. h4 h6 11. Nbd2 a5 12. Nf1 dxe4 13. dxe4 Ba6 14. Qe3 Qd3 1/2-1/2

[Event "Dortmund Sparkassen op-B 47th"]
[Site "Dortmund"]
[Date "2019.07.18"]
[Round "6"]
[White "Schmidt, Kevin"]
[Black "Schuelke, Tilman"]
[Result "1-0"]
[WhiteElo "1887"]
[BlackElo "1780"]
[PlyCount "79"]
[EventDate "2019.07.13"]
[EventType "swiss"]
[EventRounds "9"]
[EventCountry "GER"]
[SourceTitle "CBM 192 Extra"]
[Source "Chessbase"]
[SourceDate "2019.11.06"]
[SourceVersion "1"]
[SourceVersionDate "2019.11.06"]
[SourceQuality "1"]

1. e4 d6 2. d4 g6 3. Be3 Bg7 4. Nc3 a6 5. Qd2 b5 6. f3 c6 7. g4 Bb7 8. h4 h5 9. Be2 Nd7 10. gxh5 gxh5 11. Nh3 Bf6 12. Ng5 Qc7 13. 0-0-0 Nb6 14. Rdg1 e6 15. Nh7 Nd7 16. e5 Be7 17. exd6 Qxd6 18. Bf4 e5 19. dxe5 Qxd2+ 20. Kxd2 c5 21. Ng5 b4 22. Nce4 Bd5 23. Nd6+ Kf8 24. Bc4 Bxc4 25. Nxc4 Nh6 26. Nd6 Rd8 27. Kc1 Bxd6 28. exd6 Nf5 29. Rd1 Nd4 30. Rhe1 Rg8 31. Re7 Rg7 32. Ne4 Nf5 33. Bg5 Rxg5 34. Rxd7 Rxd7 35. hxg5 Kg7 36. Rd5 Kg6 37. Kd2 Nd4 38. Nxc5 Nxf3+ 39. Ke3 Ne5 40. Rxe5 1-0

[Event "Dortmund Sparkassen op-B 47th"]
[Site "Dortmund"]
[Date "2019.07.16"]
[Round "4"]
[White "Schmidt, Kevin"]
[Black "Strack, Patrick"]
[Result "1-0"]
[WhiteElo "1887"]
[BlackElo "1705"]
[PlyCount "59"]
[EventDate "2019.07.13"]
[EventType "swiss"]
[EventRounds "9"]
[EventCountry "GER"]
[SourceTitle "CBM 192 Extra"]
[Source "Chessbase"]
[SourceDate "2019.11.06"]
[SourceVersion "1"]
[SourceVersionDate "2019.11.06"]
[SourceQuality "1"]

1. e4 e5 2. Nf3 Nc6 3. Bc4 Bc5 4. c3 Nf6 5. d3 a6 6. Bb3 d6 7. Nbd2 Bg4 8. Nf1 d5 9. Qe2 d4 10. Ng3 Qd6 11. h3 Bd7 12. Nh4 Ne7 13. Qf3 dxc3 14. bxc3 0-0-0 15. 0-0 Rhf8 16. Rd1 Be6 17. Bb2 Qb6 18. Rab1 Bxb3 19. axb3 Qxb3 20. Nhf5 Nxf5 21. Nxf5 g6 22. Ne3 Nh5 23. Nc4 Qa4 24. Nxe5 f5 25. d4 Bb6 26. Rd2 fxe4 27. Qxe4 Rf4 28. Qe3 Re8 29. g4 Rxe5 30. Qxe5 1-0

[Event "Dortmund Sparkassen op-B 47th"]
[Site "Dortmund"]
[Date "2019.07.14"]
[Round "2"]
[White "Schmidt, Kevin"]
[Black "Tipp, Alexander"]
[Result "1-0"]
[WhiteElo "1887"]
[BlackElo "1739"]
[PlyCount "117"]
[EventDate "2019.07.13"]
[EventType "swiss"]
[EventRounds "9"]
[EventCountry "GER"]
[SourceTitle "CBM 192 Extra"]
[Source "Chessbase"]
[SourceDate "2019.11.06"]
[SourceVersion "1"]
[SourceVersionDate "2019.11.06"]
[SourceQuality "1"]

1. e4 e5 2. Nf3 Nc6 3. Bc4 Nf6 4. d3 Be7 5. c3 0-0 6. Nbd2 Re8 7. 0-0 d6 8. Re1 a6 9. Bb3 Bg4 10. Nf1 h6 11. Ng3 Bf8 12. h3 Bd7 13. Nh4 Ne7 14. Qf3 Nc6 15. Ng6 Be6 16. Nxf8 Bxb3 17. axb3 Rxf8 18. Nf5 Kh7 19. b4 Ng8 20. b5 Nce7 21. bxa6 Nxf5 22. exf5 Rxa6 23. Rxa6 bxa6 24. Be3 Qb8 25. b4 Qb5 26. Bd2 Ne7 27. f6 gxf6 28. Qxf6 Ng6 29. Re3 Qa4 30. Kh2 Qd1 31. Be1 Qh5 32. c4 Nf4 33. Rg3 Rg8 34. d4 Rxg3 35. fxg3 Qg6 36. Qe7 Nd3 37. dxe5 Nxe1 38. exd6 Nf3+ 39. gxf3 Qc2+ 40. Kg1 Qd1+ 41. Kf2 Qd2+ 42. Qe2 Qxd6 43. Qb2 Qb6+ 44. c5 Qb5 45. f4 a5 46. Qc2+ Kg8 47. bxa5 Qxa5 48. Kf3 Qa8+ 49. Kg4 Qd5 50. Qc3 Qe6+ 51. Kh4 Qe7+ 52. Kh5 f6 53. Qc4+ Kg7 54. Qd5 Qe8+ 55. Kh4 Qe7 56. f5 Qe8 57. c6 Qe5 58. Qd7+ Kf8 59. Qd8+ 1-0

[Event "Dortmund Sparkassen op-B 47th"]
[Site "Dortmund"]
[Date "2019.07.13"]
[Round "1"]
[White "Krams, Amatus"]
[Black "Schmidt, Kevin"]
[Result "0-1"]
[WhiteElo "1671"]
[BlackElo "1887"]
[PlyCount "74"]
[EventDate "2019.07.13"]
[EventType "swiss"]
[EventRounds "9"]
[EventCountry "GER"]
[SourceTitle "CBM 192 Extra"]
[Source "Chessbase"]
[SourceDate "2019.11.06"]
[SourceVersion "1"]
[SourceVersionDate "2019.11.06"]
[SourceQuality "1"]

1. e4 e5 2. Nf3 Nc6 3. Bc4 Be7 4. d3 Nf6 5. Be3 0-0 6. 0-0 a6 7. a4 d5 8. exd5 Nxd5 9. Nbd2 Kh8 10. Ne1 f5 11. Bxd5 Qxd5 12. f4 Bf6 13. c3 Be6 14. fxe5 Nxe5 15. d4 Ng4 16. Nc2 Qd7 17. Qf3 g5 18. a5 f4 19. Bf2 c5 20. Ne4 cxd4 21. Nxf6 Nxf6 22. Bxd4 Bg4 23. Qd3 Kg8 24. Rae1 Rac8 25. Na3 Bf5 26. Qd1 Ne4 27. Qb3+ Qf7 28. Qxf7+ Rxf7 29. Bb6 Bg6 30. Rd1 g4 31. Rd4 f3 32. gxf3 gxf3 33. Nc4 f2+ 34. Kg2 Rg7 35. Kf3 Rf8+ 36. Ke3 Re7 37. Rxe4 Rxe4+ 0-1

[Event "Gelsenkirchen Silvester op 6th"]
[Site "Gelsenkirchen"]
[Date "2018.12.29"]
[Round "5"]
[White "Schmidt, Kevin"]
[Black "Doberitz, Paul"]
[Result "1/2-1/2"]
[WhiteElo "1871"]
[BlackElo "2192"]
[PlyCount "70"]
[EventDate "2018.12.27"]
[EventType "swiss"]
[EventRounds "7"]
[EventCountry "GER"]
[SourceTitle "CBM 188 Extra"]
[Source "ChessBase"]
[SourceDate "2019.02.26"]
[SourceVersion "1"]
[SourceVersionDate "2019.02.26"]
[SourceQuality "1"]

1. e4 c5 2. Nc3 e6 3. f4 d5 4. exd5 exd5 5. Nf3 Nf6 6. Bb5+ Nbd7 7. 0-0 d4 8. Qe2+ Be7 9. Ne4 0-0 10. d3 a6 11. Bxd7 Bxd7 12. Ne5 Re8 13. Ng5 Rf8 14. Re1 Bd6 15. Bd2 Qc7 16. Qf3 Rae8 17. Nxd7 Qxd7 18. Ne4 Nxe4 19. Rxe4 Rxe4 20. Qxe4 Re8 21. Qf3 b6 22. Re1 Rxe1+ 23. Bxe1 Qe6 24. Bh4 Qxa2 25. Qa8+ Bf8 26. Be7 Qb1+ 27. Kf2 Qxc2+ 28. Kg3 Qxd3+ 29. Kh4 h6 30. Qxf8+ Kh7 31. Qxf7 Qe4 32. Kh3 d3 33. f5 d2 34. Qg6+ Kh8 35. Qe8+ Kh7 1/2-1/2

[Event "Ruhrgebiet Verbandsliga Gruppe 1 1718"]
[Site "Germany"]
[Date "2017.10.08"]
[Round "2.3"]
[White "Kropp, Andreas Juergen"]
[Black "Schmidt, Kevin"]
[Result "1-0"]
[WhiteElo "1931"]
[BlackElo "1890"]
[PlyCount "73"]
[EventDate "2017.09.17"]
[EventType "team-tourn"]
[EventRounds "9"]
[EventCountry "GER"]
[SourceTitle "EXT 2022"]
[Source "ChessBase"]
[SourceDate "2021.10.06"]
[SourceVersion "1"]
[SourceVersionDate "2021.10.06"]
[SourceQuality "1"]
[WhiteTeam "Eichlinghofen SV"]
[BlackTeam "Muelheim Nord IV"]
[WhiteTeamCountry "GER"]
[BlackTeamCountry "GER"]

1. d4 d5 2. Nf3 Nf6 3. c4 e6 4. Nc3 Be7 5. Bf4 0-0 6. cxd5 exd5 7. Qc2 c6 8. e3 Nbd7 9. Bd3 Re8 10. g4 Nf8 11. h3 Bb4 12. Bg5 Ne6 13. Bxh7+ Kf8 14. Bh4 Be7 15. Bd3 b5 16. Ne5 Qb6 17. Bg3 a5 18. Ne2 c5 19. dxc5 Bxc5 20. 0-0 Bb7 21. Bf5 Ng5 22. h4 Nge4 23. Bxe4 Rxe5 24. Bxe5 Nxe4 25. Qd3 Re8 26. Bd4 Qe6 27. Bxc5+ Kg8 28. f3 Nxc5 29. Qd4 Qxe3+ 30. Qxe3 Rxe3 31. Kf2 Re8 32. Rfd1 b4 33. Rac1 Ba6 34. Nf4 b3 35. Rxc5 bxa2 36. Ra1 Bc4 37. Rxc4 1-0

[Event "Ruhrgebiet Verbandsliga Gruppe 1 1718"]
[Site "Germany"]
[Date "2017.09.17"]
[Round "1.2"]
[White "Reinoehl, Christian"]
[Black "Schmidt, Kevin"]
[Result "1/2-1/2"]
[WhiteElo "2088"]
[BlackElo "1890"]
[PlyCount "46"]
[EventDate "2017.09.17"]
[EventType "team-tourn"]
[EventRounds "9"]
[EventCountry "GER"]
[SourceTitle "EXT 2022"]
[Source "ChessBase"]
[SourceDate "2021.10.06"]
[SourceVersion "1"]
[SourceVersionDate "2021.10.06"]
[SourceQuality "1"]
[WhiteTeam "Annen Sport Union"]
[BlackTeam "Muelheim Nord IV"]
[WhiteTeamCountry "GER"]
[BlackTeamCountry "GER"]

1. d4 d5 2. c4 e6 3. Nc3 Nf6 4. Bg5 Nbd7 5. e3 Be7 6. cxd5 exd5 7. Bd3 c6 8. Nge2 Ne4 9. Bf4 Ndf6 10. f3 Nxc3 11. bxc3 Nh5 12. 0-0 Nxf4 13. Nxf4 0-0 14. e4 Bg5 15. Ne2 dxe4 16. fxe4 Bg4 17. h3 Be3+ 18. Kh2 c5 19. d5 Qd6+ 20. Kh1 Qh6 21. Kh2 Bf4+ 22. Kg1 Be3+ 23. Kh2 Bf4+ 1/2-1/2

[Event "Ruhrgebiet Verbandsklasse Gruppe 1 1617"]
[Site "Germany"]
[Date "2017.04.30"]
[Round "9.4"]
[White "Nowok, Frank"]
[Black "Schmidt, Kevin"]
[Result "1-0"]
[WhiteElo "1906"]
[BlackElo "1886"]
[PlyCount "67"]
[EventDate "2016.09.04"]
[EventType "team-tourn"]
[EventRounds "9"]
[EventCountry "GER"]
[SourceTitle "EXT 2022"]
[Source "ChessBase"]
[SourceDate "2021.10.06"]
[SourceVersion "1"]
[SourceVersionDate "2021.10.06"]
[SourceQuality "1"]
[WhiteTeam "Hervest Dorsten"]
[BlackTeam "Muelheim Nord IV"]
[WhiteTeamCountry "GER"]
[BlackTeamCountry "GER"]

1. c4 e6 2. g3 d5 3. Bg2 Nf6 4. Nf3 Be7 5. 0-0 0-0 6. b3 c5 7. cxd5 exd5 8. d4 b6 9. Nc3 Bb7 10. Bf4 Nbd7 11. Qd3 Ne4 12. Rac1 Rc8 13. Ne5 Ndf6 14. Nb5 a6 15. Nc3 b5 16. dxc5 Bxc5 17. Bh3 Rc7 18. Nxe4 Nxe4 19. Nf3 Re7 20. Nd4 Qb6 21. Be3 g6 22. Rc2 Qf6 23. Rfc1 Bb6 24. a4 bxa4 25. bxa4 Ba5 26. Rb1 Nd6 27. Nb3 Nc4 28. Nxa5 Nxa5 29. Bc5 Nc4 30. Bxe7 Qxe7 31. Bg2 Rd8 32. Rxb7 Qxb7 33. Rxc4 Qb2 34. Bxd5 1-0

[Event "Ruhrgebiet Verbandsklasse Gruppe 1 1617"]
[Site "Germany"]
[Date "2017.03.12"]
[Round "8.4"]
[White "Schmidt, Kevin"]
[Black "Lemke, Philipp"]
[Result "1-0"]
[WhiteElo "1869"]
[BlackElo "1785"]
[PlyCount "63"]
[EventDate "2016.09.04"]
[EventType "team-tourn"]
[EventRounds "9"]
[EventCountry "GER"]
[SourceTitle "EXT 2022"]
[Source "ChessBase"]
[SourceDate "2021.10.06"]
[SourceVersion "1"]
[SourceVersionDate "2021.10.06"]
[SourceQuality "1"]
[WhiteTeam "Muelheim Nord IV"]
[BlackTeam "Huckarde Westerfilde"]
[WhiteTeamCountry "GER"]
[BlackTeamCountry "GER"]

1. e4 e5 2. Nf3 Nc6 3. Bc4 Nf6 4. d3 Be7 5. c3 0-0 6. Nbd2 d5 7. Bb3 Bg4 8. h3 Bh5 9. g4 Bg6 10. g5 Nh5 11. exd5 Na5 12. Ne4 Nxb3 13. Qxb3 Nf4 14. Bxf4 exf4 15. h4 Bh5 16. Ned2 c6 17. 0-0-0 cxd5 18. Rde1 Bc5 19. d4 Bb6 20. Re5 Qd7 21. Rhe1 Rad8 22. Re7 Qh3 23. Ne5 Qf5 24. Qc2 Qh3 25. Qd3 Qxh4 26. Nd7 Bg6 27. Qb5 Rxd7 28. Qxd7 Qxf2 29. Re8 f6 30. Qe6+ Bf7 31. Rxf8+ Kxf8 32. Qc8+ 1-0

[Event "Ruhrgebiet Verbandsklasse Gruppe 1 1617"]
[Site "Germany"]
[Date "2017.02.19"]
[Round "7.6"]
[White "Jost, Udo"]
[Black "Schmidt, Kevin"]
[Result "0-1"]
[WhiteElo "1835"]
[BlackElo "1869"]
[PlyCount "68"]
[EventDate "2016.09.04"]
[EventType "team-tourn"]
[EventRounds "9"]
[EventCountry "GER"]
[SourceTitle "EXT 2022"]
[Source "ChessBase"]
[SourceDate "2021.10.06"]
[SourceVersion "1"]
[SourceVersionDate "2021.10.06"]
[SourceQuality "1"]
[WhiteTeam "Dortmund FS"]
[BlackTeam "Muelheim Nord IV"]
[WhiteTeamCountry "GER"]
[BlackTeamCountry "GER"]

1. c4 e6 2. Nf3 d5 3. e3 Nf6 4. Nc3 Be7 5. Qc2 0-0 6. Be2 c5 7. d3 Nc6 8. a3 a6 9. h4 e5 10. cxd5 Nxd5 11. Bd2 Nxc3 12. Bxc3 Qd6 13. Nd2 b5 14. Ne4 Qg6 15. h5 Qe6 16. g4 b4 17. Bd2 Na5 18. Bd1 Qb6 19. h6 g6 20. Bf3 Bb7 21. a4 Rac8 22. b3 Qe6 23. Rb1 Bd5 24. Bd1 Rfd8 25. Ng3 Bxh1 26. Nxh1 Qd5 27. Ng3 Qxd3 28. Qc1 c4 29. Be2 Nxb3 30. Bxd3 Nxc1 31. Bxg6 fxg6 32. Bxc1 c3 33. f4 c2 34. Ra1 Bh4 0-1

[Event "Ruhrgebiet Verbandsklasse Gruppe 1 1617"]
[Site "Germany"]
[Date "2016.11.27"]
[Round "4.5"]
[White "Bender, Markus"]
[Black "Schmidt, Kevin"]
[Result "1-0"]
[WhiteElo "1806"]
[BlackElo "1873"]
[PlyCount "85"]
[EventDate "2016.09.04"]
[EventType "team-tourn"]
[EventRounds "9"]
[EventCountry "GER"]
[SourceTitle "EXT 2022"]
[Source "ChessBase"]
[SourceDate "2021.10.06"]
[SourceVersion "1"]
[SourceVersionDate "2021.10.06"]
[SourceQuality "1"]
[WhiteTeam "Guennigfeld SV"]
[BlackTeam "Muelheim Nord IV"]
[WhiteTeamCountry "GER"]
[BlackTeamCountry "GER"]

1. d4 d5 2. Bf4 Nf6 3. Nc3 Bf5 4. Nb5 Na6 5. Nf3 h6 6. a3 e6 7. h3 c6 8. Nc3 Bd6 9. Ne5 Ne4 10. Nxe4 Bxe4 11. e3 Nc7 12. Bd3 Bxd3 13. Qxd3 0-0 14. g4 f6 15. Ng6 Rf7 16. h4 Bxf4 17. exf4 Ne8 18. g5 Nd6 19. Rg1 Nf5 20. 0-0-0 Rc8 21. Qe2 Qd6 22. Qh5 Rfc7 23. gxf6 c5 24. Ne7+ Rxe7 25. fxe7 Qxe7 26. dxc5 Qxc5 27. Qe2 Rc6 28. Kb1 Rb6 29. Rd3 Nxh4 30. Qd2 Nf5 31. Rc3 Qd6 32. Rd3 Rc6 33. Re1 Kf7 34. Re5 Rc4 35. Rc3 Qc6 36. Rxc4 Qxc4 37. Re1 Nh4 38. Re3 Ng2 39. Rf3 Qe4 40. Qc3 Qf5 41. Qc7+ Ke8 42. Qxb7 Ne1 43. Rc3 1-0

[Event "Ruhrgebiet Verbandsklasse Gruppe 2 1516"]
[Site "Germany"]
[Date "2016.01.24"]
[Round "6.2"]
[White "Arndt, Olaf"]
[Black "Schmidt, Kevin"]
[Result "1-0"]
[WhiteElo "1922"]
[BlackElo "1899"]
[PlyCount "75"]
[EventDate "2015.09.06"]
[EventType "team-tourn"]
[EventRounds "9"]
[EventCountry "GER"]
[SourceTitle "EXT 2022"]
[Source "ChessBase"]
[SourceDate "2021.10.06"]
[SourceVersion "1"]
[SourceVersionDate "2021.10.06"]
[SourceQuality "1"]
[WhiteTeam "Horst Emscher II"]
[BlackTeam "Muelheim Nord IV"]
[WhiteTeamCountry "GER"]
[BlackTeamCountry "GER"]

1. e4 e5 2. Nf3 Nc6 3. d4 exd4 4. Nxd4 Nf6 5. Nxc6 bxc6 6. e5 Qe7 7. Qe2 Nd5 8. c4 Nb6 9. Nc3 a5 10. Qe4 g6 11. Bd3 Bg7 12. 0-0 0-0 13. f4 f5 14. Qf3 Ba6 15. b3 d6 16. Ba3 Qd7 17. Rad1 Rfd8 18. Be2 Qe8 19. c5 Bxe2 20. Nxe2 dxc5 21. Bxc5 Qe6 22. Nd4 Qd5 23. Qc3 Qe4 24. Rde1 Qd5 25. Bxb6 cxb6 26. Nxc6 Rd7 27. Rd1 Qxd1 28. Rxd1 Rxd1+ 29. Kf2 Bf8 30. Qf3 Bc5+ 31. Ke2 Ra1 32. Ne7+ Bxe7 33. Qxa8+ Kg7 34. Qb7 Rxa2+ 35. Kf3 Kf8 36. Qxb6 a4 37. Qb8+ Kg7 38. Qa7 1-0

[Event "NRW Verbandsklasse Group2 1314"]
[Site "Nordrheinwestfalen"]
[Date "2014.01.26"]
[Round "6.8"]
[White "Krummsdorf, Sven"]
[Black "Schmidt, Kevin"]
[Result "0-1"]
[WhiteElo "1652"]
[BlackElo "1896"]
[PlyCount "54"]
[EventDate "2013.09.08"]
[EventType "team-tourn"]
[EventRounds "9"]
[EventCountry "GER"]
[SourceTitle "EXT 2020"]
[Source "ChessBase"]
[SourceDate "2019.10.17"]
[SourceVersion "1"]
[SourceVersionDate "2019.10.17"]
[SourceQuality "1"]
[WhiteTeam "Welper SV II"]
[BlackTeam "Muelheim Nord IV"]
[WhiteTeamCountry "GER"]
[BlackTeamCountry "GER"]

1. d4 d5 2. e3 Bf5 3. c4 c6 4. Nc3 Nf6 5. Nf3 h6 6. Qb3 Qc7 7. cxd5 cxd5 8. Nxd5 Nxd5 9. Qxd5 e6 10. Qb3 Bd6 11. Bd2 0-0 12. Rc1 Qe7 13. Bc4 Nc6 14. d5 exd5 15. Bxd5 Nb4 16. Bc4 Rac8 17. 0-0 Bc2 18. Rxc2 Nxc2 19. Rc1 Nb4 20. Nd4 Nc6 21. Nf5 Qe5 22. Nxd6 Qxd6 23. Bc3 Qc5 24. a3 Na5 25. Bxa5 Qxa5 26. Bxf7+ Kh8 27. Rxc8 Qe1# 0-1

[Event "NRW Verbandsklasse Group2 1314"]
[Site "Nordrheinwestfalen"]
[Date "2013.10.13"]
[Round "2.8"]
[White "Dickel, Bodo"]
[Black "Schmidt, Kevin"]
[Result "0-1"]
[WhiteElo "1523"]
[BlackElo "1896"]
[PlyCount "66"]
[EventDate "2013.09.08"]
[EventType "team-tourn"]
[EventRounds "9"]
[EventCountry "GER"]
[SourceTitle "EXT 2020"]
[Source "ChessBase"]
[SourceDate "2019.10.17"]
[SourceVersion "1"]
[SourceVersionDate "2019.10.17"]
[SourceQuality "1"]
[WhiteTeam "Luenen Horstmar SC"]
[BlackTeam "Muelheim Nord IV"]
[WhiteTeamCountry "GER"]
[BlackTeamCountry "GER"]

1. d4 d5 2. c4 e6 3. c5 b6 4. b4 a5 5. bxa5 bxc5 6. e3 cxd4 7. Qxd4 c5 8. Qb2 Be7 9. Bd2 Bf6 10. Bb5+ Bd7 11. Bc3 Bxc3+ 12. Qxc3 Qxa5 13. Bxd7+ Nxd7 14. Ne2 Ngf6 15. a4 Ke7 16. Nd2 Qxc3 17. Nxc3 Rhb8 18. Ke2 Rb4 19. Rhb1 d4 20. Rxb4 cxb4 21. Nb5 dxe3 22. fxe3 Nd5 23. a5 Nc5 24. Nc4 f5 25. Ne5 Kf6 26. Nd3 Nb3 27. Rb1 Rxa5 28. Rxb3 Rxb5 29. Nxb4 Rxb4 30. Ra3 Re4 31. g3 Rxe3+ 32. Rxe3 Nxe3 33. Kxe3 g5 0-1

[Event "St Leon Rot op"]
[Site "St Leon Rot"]
[Date "2011.12.29"]
[Round "5"]
[White "Seidler, Ottmar"]
[Black "Schmidt, Kevin"]
[Result "1/2-1/2"]
[WhiteElo "1603"]
[BlackElo "1827"]
[PlyCount "79"]
[EventDate "2011.12.27"]
[EventType "swiss"]
[EventRounds "7"]
[EventCountry "GER"]
[SourceTitle "CBM 146 Extra"]
[Source "ChessBase"]
[SourceDate "2012.02.29"]
[SourceVersion "1"]
[SourceVersionDate "2012.02.29"]
[SourceQuality "1"]

1. d4 d5 2. c4 e6 3. Nf3 Nf6 4. Bg5 Be7 5. Nc3 0-0 6. e3 b6 7. Rc1 Nbd7 8. cxd5 Nxd5 9. Nxd5 Bxg5 10. Nxc7 Rb8 11. Be2 Be7 12. 0-0 Bb7 13. Nb5 a6 14. Na7 b5 15. Nc6 Bxc6 16. Rxc6 Qa5 17. Qb3 Nf6 18. Rfc1 Rfd8 19. a3 Nd5 20. Qc2 h6 21. Qe4 Rb6 22. R6c2 Bd6 23. Nd2 Rbb8 24. Nb3 Qb6 25. Rc6 Qa7 26. Bd3 Nf6 27. Qf3 a5 28. Qe2 a4 29. Nc5 Rbc8 30. Ne4 Rxc6 31. Nxf6+ gxf6 32. Rxc6 b4 33. axb4 Bxb4 34. Qc2 a3 35. bxa3 Qxa3 36. g3 Kg7 37. Be2 f5 38. Rc7 Bd6 39. Rc3 Qa8 40. f3 1/2-1/2

[Event "Muelheim op 3rd"]
[Site "Muelheim"]
[Date "2011.08.05"]
[Round "1"]
[White "Podzielny, Karl Heinz"]
[Black "Schmidt, Kevin"]
[Result "1-0"]
[WhiteElo "2470"]
[BlackElo "1855"]
[PlyCount "33"]
[EventDate "2011.08.04"]
[EventType "swiss"]
[EventRounds "7"]
[EventCountry "GER"]
[SourceTitle "CBM 143 Extra"]
[Source "ChessBase"]
[SourceDate "2011.08.29"]
[SourceVersion "1"]
[SourceVersionDate "2011.08.29"]
[SourceQuality "1"]

1. d4 Nf6 2. Nf3 g6 3. c4 Bg7 4. Nc3 d5 5. Bg5 c6 6. e3 0-0 7. Qb3 e6 8. Be2 Nbd7 9. 0-0 h6 10. Bh4 b6 11. Ne5 Bb7 12. f4 Rb8 13. cxd5 cxd5 14. Bb5 Qc7 15. Rac1 Qd6 16. Bxd7 Nxd7 17. Nb5 1-0